000
00360nam a2200145Ia 4500
008
151213s9999 xx 000 0 und d
100
_a
Martin Scotied
245
_a
Wordsworth & Coleridge
_c
Martin Scotied
260
_a
London
_b
Wards warth
_c
2003
300
_a
2127 p.
650
_a
English
650
_a
English
700
_a
Martin Scotied
999
_c
1567
_d
1567